000 00616nam a2200241Ia 4500
003 OSt
005 20221007104752.0
006 a|||||r|||| 00| 0
007 ta
008 221006b |||||||| |||| 00| 0 eng d
024 _a16,743
037 _cTextual
040 _aLCO
_cLCO
_beng
041 _2eng
_aeng
082 _aZ2,5,8, M6
245 0 _aCriminal Court Manual
260 _aDelhi
_bAllied Book Company India
_c1986
300 _aVarious
490 _vVol - 1 & 22
650 _aCRIMINAL COURT MANUAL
_9706333
942 _hZ2,5,8, M6
_cTEXL
999 _c1186306
_d1186306